| 000 | 03934 a2200985 4500 | ||
|---|---|---|---|
| 020 | _a81858250094 | ||
| 082 |
_a526.36 _bKAN _cN-02,P-212/MCE L26-P-31 |
||
| 100 |
_aKanetkar, T.P _926073 |
||
| 245 |
_aSurveying and leveling _bpart 2 a text book on surveying and levelling for engineering students and practicing engineers _cT.P Kanetkar , S.V. Kulkarni |
||
| 250 | _a10th revised ed. | ||
| 260 |
_aPune, India. : _bPune Vidyarthi Griha Prakashan _c1978. |
||
| 300 |
_axvi, 663 p. : _bill . ; _c23 cm. |
||
| 500 | _aSurveying, Used As Text Book | ||
| 526 |
_a0 _b0 _c0 _d526_360000000000000_KAN |
||
| 526 |
_a0 _b0 _c0 _d526_360000000000000_KAN |
||
| 526 |
_a0 _b0 _c0 _d526_360000000000000_KAN |
||
| 526 |
_a0 _b0 _c0 _d526_360000000000000_KAN |
||
| 526 |
_a0 _b0 _c0 _d526_360000000000000_KAN |
||
| 526 |
_a0 _b0 _c0 _d526_360000000000000_KAN |
||
| 526 |
_a0 _b0 _c0 _d526_360000000000000_KAN |
||
| 526 |
_a0 _b0 _c0 _d526_360000000000000_KAN |
||
| 526 |
_a0 _b0 _c0 _d526_360000000000000_KAN |
||
| 526 |
_a0 _b0 _c0 _d526_360000000000000_KAN |
||
| 526 |
_a0 _b0 _c0 _d526_360000000000000_KAN |
||
| 526 |
_a0 _b0 _c0 _d526_360000000000000_KAN |
||
| 526 |
_a0 _b0 _c0 _d526_360000000000000_KAN |
||
| 526 |
_a0 _b0 _c0 _d526_360000000000000_KAN |
||
| 526 |
_a0 _b0 _c0 _d526_360000000000000_KAN |
||
| 526 |
_a0 _b0 _c0 _d526_360000000000000_KAN |
||
| 526 |
_a0 _b0 _c0 _d526_360000000000000_KAN |
||
| 526 |
_a0 _b0 _c0 _d526_360000000000000_KAN |
||
| 526 |
_a0 _b0 _c0 _d526_360000000000000_KAN |
||
| 526 |
_a0 _b0 _c0 _d526_360000000000000_KAN |
||
| 526 |
_a0 _b0 _c0 _d526_360000000000000_KAN |
||
| 526 |
_a0 _b0 _c0 _d526_360000000000000_KAN |
||
| 526 |
_a0 _b0 _c0 _d526_360000000000000_KAN |
||
| 526 |
_a0 _b0 _c0 _d526_360000000000000_KAN |
||
| 526 |
_a0 _b0 _c0 _d526_360000000000000_KAN |
||
| 526 |
_a0 _b0 _c0 _d526_360000000000000_KAN |
||
| 526 |
_a0 _b0 _c0 _d526_360000000000000_KAN |
||
| 526 |
_a0 _b0 _c0 _d526_360000000000000_KAN |
||
| 526 |
_a0 _b0 _c0 _d526_360000000000000_KAN |
||
| 526 |
_a0 _b0 _c0 _d526_360000000000000_KAN |
||
| 526 |
_a0 _b0 _c0 _d526_360000000000000_KAN |
||
| 526 |
_a0 _b0 _c0 _d526_360000000000000_KAN |
||
| 526 |
_a0 _b0 _c0 _d526_360000000000000_KAN |
||
| 526 |
_a0 _b0 _c0 _d526_360000000000000_KAN |
||
| 526 |
_a0 _b0 _c0 _d526_360000000000000_KAN |
||
| 526 |
_a0 _b0 _c0 _d526_360000000000000_KAN |
||
| 526 |
_a0 _b0 _c0 _d526_360000000000000_KAN |
||
| 526 |
_a0 _b0 _c0 _d526_360000000000000_KAN |
||
| 526 |
_a0 _b0 _c0 _d526_360000000000000_KAN |
||
| 526 |
_a0 _b0 _c0 _d526_360000000000000_KAN |
||
| 526 |
_a0 _b0 _c0 _d526_360000000000000_KAN |
||
| 526 |
_a0 _b0 _c0 _d526_360000000000000_KAN |
||
| 526 |
_a0 _b0 _c0 _d526_360000000000000_KAN |
||
| 526 |
_a0 _b0 _c0 _d526_360000000000000_KAN |
||
| 526 |
_a0 _b0 _c0 _d526_360000000000000_KAN |
||
| 526 |
_a0 _b0 _c0 _d526_360000000000000_KAN |
||
| 526 |
_a0 _b0 _c0 _d526_360000000000000_KAN |
||
| 526 |
_a0 _b0 _c0 _d526_360000000000000_KAN |
||
| 526 |
_a0 _b0 _c0 _d526_360000000000000_KAN |
||
| 526 |
_a0 _b0 _c0 _d526_360000000000000_KAN |
||
| 526 |
_a0 _b0 _c0 _d526_360000000000000_KAN |
||
| 526 |
_a0 _b0 _c0 _d526_360000000000000_KAN |
||
| 526 |
_a0 _b0 _c0 _d526_360000000000000_KAN |
||
| 526 |
_a0 _b0 _c0 _d526_360000000000000_KAN |
||
| 526 |
_a0 _b0 _c0 _d526_360000000000000_KAN |
||
| 526 |
_a0 _b0 _c0 _d526_360000000000000_KAN |
||
| 526 |
_a0 _b0 _c0 _d526_360000000000000_KAN |
||
| 526 |
_a0 _b0 _c0 _d526_360000000000000_KAN |
||
| 526 |
_a0 _b0 _c0 _d526_360000000000000_KAN |
||
| 526 |
_a0 _b0 _c0 _d526_360000000000000_KAN |
||
| 526 |
_a0 _b0 _c0 _d526_360000000000000_KAN |
||
| 526 |
_a0 _b0 _c0 _d526_360000000000000_KAN |
||
| 526 |
_a0 _b0 _c0 _d526_360000000000000_KAN |
||
| 526 |
_a0 _b0 _c0 _d526_360000000000000_KAN |
||
| 526 |
_a0 _b0 _c0 _d526_360000000000000_KAN |
||
| 526 |
_a0 _b0 _c0 _d526_360000000000000_KAN |
||
| 526 |
_a0 _b0 _c0 _d526_360000000000000_KAN |
||
| 650 |
_aMCE _9379 |
||
| 650 | _aSurveying | ||
| 700 |
_aS.V. Kulkarni _926075 |
||
| 942 |
_2ddc _cBK |
||
| 999 |
_c553566 _d553566 |
||